000 01318nam a2200301Ia 4500
001 67128
003 IT-RoPAU
008 130308s9999 xx 000 0 und d
040 _aIT-RoPAU
040 _cIT-RoPAU
041 _aITALIANO
100 _aChiarini Luigi
100 _gCodice Aut. SPICS: 8086
245 _aCinema quinto potere
245 _bCinema quinto Potere
250 _a1a ed.
260 _aBARI
260 _bLaterza
260 _c1954 [1° Ed.:1954 - Ed.Ling.Originale:1954]
300 _a"228 p. (prefazione: no ; testo: 228 [pagine: 0-0])"
500 _aPotenza del Cinema Suggestione del Cinema Divismo Realismo dell'Immagine Cinematografica Realtà e Verità Film e propaganda Film e Pubblico Stato e Cinema legislazione Cinematografica Istituto Luce Centro sperimentale mostra di Venezia costituzione e Cinema legge fascista Sul Cinema censura Cinematografica ricchezza e miseria del Cinema mercato del Cinema costi dei Film Chiesa e Cinema Cinema e Morale Cattolica neorealismo Mistico Cinema e Madonna cineforum neorealismo lotta intorno al Cinema forze Laiche Chiesa e comunisti Cultura e Cinema Film Didattico e Scientifico
650 _aTEORICHE CINEMATOGRAFICHE
650 _eCodice materia Spics: 6805
942 _cBK
957 _71
999 _c71122
_d71122
999 _bSI
999 _g1